00474nam a22001457a 450000500170000000800410001702000180005804100080007608200140008410000250009824500630012326000700018630000190025665000530027520250324122653.0250324b |||||||| |||| 00| 0 eng d a9780691218441 aEng a519.5 POL aPoldrack, Russell A. aStatistical Thinking: Analyzing Data in an Uncertain World aNew JerseybPrinceton : Oxford ; Princeton University Pressc2023 a264;. P. 25 cm aStatistics; Social Sciences- Statistical Methods